000
00339nam a22001217a 4500
040
_c
HS
082
_a
338
100
_a
ហួត វុត្ថា
245
_a
ព្រៃឈើ និងព្រៃលិចទឹកនៅកម្ពុុជា
260
_a
RUA
_b
ហួត វុត្ថា
_c
2006
300
_a
136p;
942
_c
KB
999
_c
9706
_d
9706